[Event "AUTO-ELITE-1992"]
[Site "http://www.queenalice.com/game.php?id=1530853"]
[Date "2018.6.12"]
[Round "1"]
[White "hepre"]
[Black "eget"]
[Result "0-1"]
[WhiteElo "2241"]
[BlackElo "2439"]

1. b4 Nf6 2. Bb2 d5 3. Nf3 e6 4. a3 a5 5. e3 axb4 6. axb4 Rxa1 7. Bxa1 Bxb4 8.
Bc3 Bd6 9. Bd3 Nc6 10. Bb5 O-O 11. Bxc6 bxc6 12. d3 Re8 13. Ne5 Nd7 14. Nxc6 Qh4
15. Nd2 Qa4 16. Nd4 Nf6 17. Qa1 Qxa1+ 18. Bxa1 Bd7 19. Ke2 e5 20. N4b3 Bg4+ 21.
f3 Bd7 22. Bb2 Ra8 23. Ra1 Rxa1 24. Bxa1 Kf8 25. e4 Bc6 26. f4 Nd7 27. fxe5 Bxe5
28. Bxe5 Nxe5 29. d4 Bb5+ 30. Ke3 Ng4+ 31. Kf4 Nf6 32. e5 Nd7 33. Nb1 Bf1 34. g4
Ke7 35. Nc3 Ke6 36. Nd2 Ba6 37. h4 h6 38. Nf3 Bc4 39. h5 Nf8 40. Na4 Bb5 41.
Nc5+ Ke7 42. Nh4 Ne6+ 43. Nxe6 fxe6 44. c4 dxc4 45. Ke4 c3 46. Ke3 Bf1 47. g5
hxg5 48. Ng6+ Ke8 49. Ke4 c2 50. Kf3 c1=Q 51. Kg3 Qd2 52. Kf3 Qg2+ 53. Ke3 Qe2#
0-1

[Event "AUTO-ELITE-2009"]
[Site "http://www.queenalice.com/game.php?id=1535634"]
[Date "2018.7.21"]
[Round "1"]
[White "nnetto"]
[Black "eget"]
[Result "0-1"]
[WhiteElo "2286"]
[BlackElo "2447"]

1. e3 Nf6 2. b3 Nc6 3. Nf3 e5 4. Bb2 e4 5. Ne5 Be7 6. d4 exd3 7. Bxd3 Nxe5 8.
Bxe5 d6 9. Bb2 O-O 10. h3 d5 11. Nd2 Re8 12. O-O c6 13. Re1 Qa5 14. a3 Be6 15.
e4 dxe4 16. Nxe4 Nxe4 17. Rxe4 Red8 18. Rxe6 fxe6 19. Qg4 Qg5 20. Qxe6+ Kh8 21.
Re1 Bf6 22. Bxf6 Qxf6 23. Qxf6 gxf6 24. Re7 Rab8 25. Rxh7+ Kg8 26. Bg6 Rd2 27.
h4 Re8 28. Rxb7 Ree2 29. c4 Re1+ 30. Kh2 Rxf2 31. c5 Ree2 32. b4 Rxg2+ 33. Kh1
Ra2 34. Rc7 Rxg6 35. Rxc6 Rg4 36. Rxf6 Re4 37. c6 Re1+ 38. Rf1 Rxf1# 0-1

[Event "AUTO-ELITE-2009"]
[Site "http://www.queenalice.com/game.php?id=1535635"]
[Date "2018.7.21"]
[Round "1"]
[White "eget"]
[Black "nnetto"]
[Result "1-0"]
[WhiteElo "2428"]
[BlackElo "2294"]

1. e4 c5 2. Nc3 Nc6 3. Nf3 e6 4. d4 cxd4 5. Nxd4 d6 6. Bb5 Bd7 7. O-O Nf6 8. Be3
Be7 9. Nxc6 bxc6 10. Ba4 O-O 11. Qf3 Rb8 12. Bb3 c5 13. Rfd1 Qc7 14. Qe2 Rfc8
15. Bc1 c4 16. Ba4 Bxa4 17. Nxa4 d5 18. exd5 Nxd5 19. Bd2 Bf6 20. Rab1 Bxb2 21.
Nxb2 c3 22. Nd3 cxd2 23. Rxb8 Qxb8 24. Qxd2 Rc4 25. Rc1 h6 26. Qa5 Qb6 27. Qa3
Rxc2 28. Rxc2 Qd4 29. Ne1 Nc3 30. Rxc3 Qxc3 31. Qxc3 h5 32. Nf3 g6 33. Ng5 e5
34. Qxe5 a6 35. Qf6 Kf8 36. Qxf7# 1-0

[Event "AUTO-ELITE-2015"]
[Site "http://www.queenalice.com/game.php?id=1537288"]
[Date "2018.8.2"]
[Round "1"]
[White "etuz"]
[Black "eget"]
[Result "0-1"]
[WhiteElo "2224"]
[BlackElo "2443"]

1. e4 Nf6 2. e5 Nd5 3. Nf3 d6 4. d4 Nc6 5. c4 Nb6 6. exd6 exd6 7. Be2 Be7 8. O-O
O-O 9. Nc3 Bg4 10. b3 Bf6 11. Be3 Re8 12. Rc1 d5 13. c5 Nc8 14. b4 a6 15. Re1
N8e7 16. Qb3 Be6 17. Bd3 Qd7 18. Red1 Red8 19. h3 h6 20. Rd2 Nf5 21. b5 Ncxd4
22. bxa6 Nxb3 23. Bxf5 Nxd2 24. Bxe6 Nxf3+ 25. gxf3 Qxe6 26. c6 bxc6 27. Na4
Qxh3 28. Nc5 Be5 29. a4 Rd6 30. Nd3 Rg6+ 31. Bg5 Rxg5# 0-1

[Event "AUTO-ELITE-2015"]
[Site "http://www.queenalice.com/game.php?id=1537289"]
[Date "2018.8.2"]
[Round "1"]
[White "eget"]
[Black "etuz"]
[Result "1-0"]
[WhiteElo "2411"]
[BlackElo "2231"]

1. e4 c6 2. Nc3 d5 3. Nf3 Bg4 4. h3 Bh5 5. exd5 cxd5 6. Bb5+ Nc6 7. d4 Rc8 8. g4
Bg6 9. Ne5 e6 10. h4 f6 11. Bxc6+ bxc6 12. Nxg6 hxg6 13. Qe2 Qd7 14. Bf4 g5 15.
Bg3 Bb4 16. h5 c5 17. O-O-O Ne7 18. Nb5 c4 19. Nc7+ Rxc7 20. Bxc7 Qxc7 21. Qxe6
f5 22. gxf5 Rxh5 23. Rxh5 g6 24. Rh8# 1-0

[Event "AUTO-ELITE-2015"]
[Site "http://www.queenalice.com/game.php?id=1537296"]
[Date "2018.8.2"]
[Round "1"]
[White "eget"]
[Black "ezat"]
[Result "1-0"]
[WhiteElo "2422"]
[BlackElo "2339"]

1. e4 e6 2. Nc3 d5 3. exd5 exd5 4. Bb5+ c6 5. Be2 Nf6 6. d4 Bd6 7. Nf3 Bf5 8.
O-O Nbd7 9. Bd3 Bxd3 10. Qxd3 O-O 11. Re1 Qb6 12. Bg5 Rfe8 13. Rab1 a5 14. a4 g6
15. b3 Qc7 16. h3 Kg7 17. Bd2 h6 18. Kf1 Rab8 19. Rxe8 Bg3 20. Rxb8 Nh5 21. Ra8
Ndf6 22. fxg3 Ne4 23. Nxe4 Nxg3+ 24. Nxg3 h5 25. Qe3 Qxg3 26. Qe8 g5 27. Ne5 Qh2
28. Qh8# 1-0

[Event "AUTO-ELITE-2015"]
[Site "http://www.queenalice.com/game.php?id=1537297"]
[Date "2018.8.2"]
[Round "1"]
[White "ezat"]
[Black "eget"]
[Result "0-1"]
[WhiteElo "2349"]
[BlackElo "2415"]

1. e4 Nc6 2. d4 Nf6 3. d5 Ne5 4. Nf3 Nxf3+ 5. Qxf3 c6 6. Nc3 d6 7. Be3 Bg4 8.
Qf4 Rg8 9. f3 Bd7 10. dxc6 Bxc6 11. O-O-O Qa5 12. Bc4 e6 13. h4 Be7 14. g4 Nd7
15. Kb1 g5 16. hxg5 Ne5 17. Be2 Bxg5 18. Qxg5 Rxg5 19. Rxd6 Rg7 20. Rxc6 bxc6
21. Na4 Qxa4 22. Rh5 Nxg4 23. Bh6 Nxh6 24. Rxh6 Rg1+ 25. Bd1 Rxd1# 0-1

[Event "AUTO-ELITE-1958"]
[Site "http://www.queenalice.com/game.php?id=1548351"]
[Date "2018.11.6"]
[Round "2"]
[White "prego"]
[Black "eget"]
[Result "1-0"]
[WhiteElo "2544"]
[BlackElo "2451"]

1. e4 e5 2. Bc4 c6 3. Nc3 Nf6 4. Nf3 d5 5. exd5 e4 6. Qe2 cxd5 7. Bb5+ Nc6 8. d3
Bb4 9. dxe4 Nxe4 10. O-O Bxc3 11. bxc3 O-O 12. c4 Bg4 13. Bxc6 bxc6 14. Qd3 Re8
15. Nd4 dxc4 16. Qxc4 c5 17. Nb3 Qb6 18. Bf4 Bd7 19. a4 Qf6 20. Rae1 Qxf4 21. f3
Be6 22. Qxe4 Qf5 23. Qxf5 Bxf5 24. Nxc5 Bxc2 25. Rc1 Bg6 26. Rfd1 Re7 27. Na6 f6
28. Nc7 Rf8 29. Nd5 Re5 30. Nf4 Be8 31. Rd4 Rf7 32. Nd3 Re2 33. Nf4 Ra2 34. Rc8
Re7 35. Re4 Rxe4 36. fxe4 Kf8 37. Rc7 Rxa4 38. Ne6+ Kg8 39. Rxg7+ Kh8 40. Re7
Bg6 41. Rd7 h6 42. Rd8+ Kh7 43. Rd7+ Kh8 44. Rd8+ Kh7 45. Rd7+ Kh8 46. Nc5 1-0

[Event "AUTO-ELITE-1958"]
[Site "http://www.queenalice.com/game.php?id=1548352"]
[Date "2018.11.6"]
[Round "2"]
[White "eget"]
[Black "prego"]
[Result "0-1"]
[WhiteElo "2457"]
[BlackElo "2538"]

1. e4 Nf6 2. d3 e5 3. Nf3 Nc6 4. Be2 d5 5. Nbd2 Bc5 6. O-O O-O 7. c3 a5 8. b3
Bg4 9. a3 Re8 10. h3 Bh5 11. Qc2 Bg6 12. exd5 Nxd5 13. Ne4 Be7 14. Qb2 f5 15.
Ng3 Bf6 16. Bd2 Nf4 17. Bxf4 exf4 18. Nh1 Bxc3 19. Qxc3 Rxe2 20. Qc4+ Kh8 21.
Qxf4 Rb2 22. Ng3 Rxb3 23. Rab1 a4 24. Nh4 Nd4 25. Rbe1 Rxa3 26. Nhxf5 Nxf5 27.
Nxf5 Qf6 28. g4 Rxd3 29. Qxc7 Bxf5 30. Qxb7 Rf8 31. gxf5 Qxf5 32. Qh1 a3 33. Qg2
Rxh3 34. Re7 Rg8 35. Ra7 Qc5 36. Ra8 Rh5 37. Rxg8+ Kxg8 38. Qa8+ Qf8 39. Qxf8+
Kxf8 40. Ra1 Ra5 41. f4 a2 42. Kf1 Kf7 43. Kf2 Kf6 44. Ke3 h5 45. Ke2 h4 0-1

[Event "AUTO-ELITE-1958"]
[Site "http://www.queenalice.com/game.php?id=1548353"]
[Date "2018.11.6"]
[Round "2"]
[White "preza"]
[Black "eget"]
[Result "0-1"]
[WhiteElo "2315"]
[BlackElo "2452"]

1. e4 e5 2. c3 Nf6 3. Qa4 Nc6 4. Nf3 d6 5. Na3 Bd7 6. Bc4 Nd4 7. Qd1 Nxf3+ 8.
Qxf3 c6 9. Qe2 Be7 10. Bb3 O-O 11. O-O a5 12. d4 Qc7 13. Bc2 Rfe8 14. Bg5 h6 15.
Bh4 Be6 16. Rfd1 a4 17. Qd3 Nh5 18. Bxe7 Qxe7 19. d5 Nf4 20. Qf3 cxd5 21. exd5
Bd7 22. Rd2 Qg5 23. Kh1 Nxg2 24. Nc4 Nh4 25. Qg3 Bg4 26. Be4 f5 27. h3 Rec8 28.
Nxd6 Qxd2 29. Nxc8 Rxc8 30. Qxh4 a3 31. bxa3 Rxc3 32. hxg4 fxe4 33. Rf1 Qxd5 34.
Kg1 Qd4 35. Qe7 e3 36. Qxb7 exf2+ 37. Rxf2 Rc1+ 38. Kg2 Qxg4+ 39. Kh2 Qh4+ 40.
Kg2 Qh1+ 41. Kg3 Qxb7 42. Rf5 Rg1+ 43. Kf2 Rg2+ 44. Ke3 Qb6+ 45. Kf3 Qf2+ 46.
Ke4 Qd4+ 47. Kf3 Qg4+ 48. Ke3 Qe2# 0-1

[Event "AUTO-ELITE-1958"]
[Site "http://www.queenalice.com/game.php?id=1548354"]
[Date "2018.11.6"]
[Round "2"]
[White "eget"]
[Black "preza"]
[Result "1-0"]
[WhiteElo "2463"]
[BlackElo "2297"]

1. d4 Nf6 2. Nf3 c5 3. e3 g6 4. Bd3 Bg7 5. O-O b6 6. Nbd2 Bb7 7. c3 O-O 8. Qc2
Na6 9. Qa4 Qc8 10. Rb1 cxd4 11. exd4 Nc7 12. Re1 Ne6 13. Ne4 Nxe4 14. Bxe4 Bxe4
15. Rxe4 Qb7 16. Re2 Rac8 17. Qb5 Rfe8 18. Be3 Red8 19. Rbe1 d5 20. Qd3 Bf6 21.
Bd2 Ng7 22. Bg5 Ne6 23. Bh6 Rd6 24. Ne5 b5 25. f4 b4 26. f5 Nf8 27. Ng4 bxc3 28.
bxc3 Qa6 29. Qf3 gxf5 30. Qxf5 Ng6 31. Nxf6+ Rxf6 32. Qxd5 Qc6 33. Qxc6 Rfxc6
34. Bd2 Ra6 35. Ra1 f6 36. g4 Ra4 37. Kf2 e5 38. Re4 Rcc4 39. Ke3 Nf4 40. h4 Ne6
41. Kf3 Nc5 42. Re2 Nd7 43. Rb1 exd4 44. Re7 Ne5+ 45. Kg3 Nc6 46. Re8+ Kf7 47.
Re4 Ne5 48. Rxd4 Rxd4 49. cxd4 Rxd4 50. Rb7+ Ke6 51. Bf4 Rd3+ 52. Kg2 Nxg4 53.
Rxa7 h5 54. a4 1-0

[Event "AUTO-ELITE-2205"]
[Site "http://www.queenalice.com/game.php?id=1600889"]
[Date "2020.2.27"]
[Round "1"]
[White "eget"]
[Black "prego"]
[Result "0-1"]
[WhiteElo "2468"]
[BlackElo "2573"]

1. e4 Nf6 2. Nc3 e5 3. Bc4 Nc6 4. Nf3 Nxe4 5. Nxe4 d5 6. Bd3 dxe4 7. Bxe4 Bd6 8.
O-O O-O 9. d4 Nxd4 10. Nxd4 exd4 11. Qxd4 Qh4 12. a4 Qxh2# 0-1